De oratore : (Record no. 86004)
[ view plain ]
| 000 -LEADER | |
|---|---|
| fixed length control field | 01039nam a2200241 a 4500 |
| 001 - CONTROL NUMBER | |
| control field | 86004 |
| 003 - CONTROL NUMBER IDENTIFIER | |
| rucl marc code | BD-RjUL |
| 005 - DATE AND TIME OF LATEST TRANSACTION | |
| control field | 20251127115801.0 |
| 008 - FIXED-LENGTH DATA ELEMENTS--GENERAL INFORMATION | |
| fixed length control field | 251127r19481942enk||||| |||| 00| 0 eng d |
| 035 ## - SYSTEM CONTROL NUMBER | |
| System control number | (BD-RjUL)86004 |
| 040 ## - CATALOGING SOURCE | |
| Original cataloging agency | BD-RjUL |
| Language of cataloging | eng |
| Transcribing agency | BD-RjUL |
| 041 ## - LANGUAGE CODE | |
| Language code of text/sound track or separate title | eng |
| 082 ## - DEWEY DECIMAL CLASSIFICATION NUMBER | |
| Classification number | 875 |
| Author mark and year | CID 1948 |
| 100 ## - MAIN ENTRY--PERSONAL NAME | |
| Personal name | Cicero, Marcus Tullius |
| 9 (RLIN) | 17403 |
| 245 ## - TITLE STATEMENT | |
| Title | De oratore : |
| Remainder of title | in two volumes, together with De fato, Paradoxa Stoicorum, De Partitione Oratoria / |
| Statement of responsibility, etc. | Marcus Tullius Cicero, H. Rackham, |
| 246 ## - VARYING FORM OF TITLE | |
| Title proper/short title | Cicero De oratore : |
| Remainder of title | in two volumes, together with De fato, Paradoxa Stoicorum, De Partitione Oratoria |
| 260 ## - PUBLICATION, DISTRIBUTION, ETC. (IMPRINT) | |
| Place of publication, distribution, etc. | London ; |
| -- | Cambridge, Mass : |
| Name of publisher, distributor, etc. | Heinemann ; |
| -- | Harvard University Press, |
| Date of publication, distribution, etc. | 1942, [revised and reprinted 1948] |
| 300 ## - PHYSICAL DESCRIPTION | |
| Pagination | 2 v.; |
| Size | 17 cm. |
| 505 01 - FORMATTED CONTENTS NOTE | |
| Formatted contents note | Vol. 2 includes: De oratore, Book 3, together with De fato, Paradoxa Stoicorum, De partitione oratoria, with an English translation by H. Rackham-- |
| 600 ## - SUBJECT ADDED ENTRY--PERSONAL NAME | |
| Personal name | Cicero, Marcus Tullius Oratory |
| 700 ## - ADDED ENTRY--PERSONAL NAME | |
| Personal name | Rackham, H. |
| 942 ## - ADDED ENTRY ELEMENTS (KOHA) | |
| Source of classification or shelving scheme | Dewey Decimal Classification |
| Koha item type | Books |
| Lost status | Source of classification or shelving scheme | Damaged status | Not for loan | Collection code | Permanent Location | Current Location | Shelving location | Date acquired | Source of acquisition | Cost, normal purchase price | Total Checkouts | Full call number | Date last seen | Copy number | Koha item type |
|---|---|---|---|---|---|---|---|---|---|---|---|---|---|---|---|
| Dewey Decimal Classification | Not For Loan | Non-fiction | Central Library, University of Rajshahi | Central Library, University of Rajshahi | Reading Room | 10/03/1955 | Swets Zeitlingger | 15.00 | 875 CID V-2 1948 | 27/11/2025 | C-1 | Books |